000 01693cam a22004814i 4500
003 PE-LiUPU
005 20250731173509.0
008 150616s1995 sp r 000 0 spa d
020 _a0816312788
035 _a(Sirsi) i9780816312788
040 _aPE-LiUPU
_bspa
_cPE-LiUPU
_erda
049 _aPRUA
082 0 4 _a282.7
_bW177b
_223
100 1 _aWalker, Celeste Perrino,
_eautor.
245 1 0 _aBanza's Incredible Journey :
_band other stories from ADRA /
_cCeleste Perrino Walker.
264 1 _aBoise, Idaho :
_bPacific Press Publishing Association,
_c1995.
300 _a93 páginas ;
_c21 centímetros.
336 _atext
_2rdacontent
337 _aunmediated
_2rdamedia
338 _avolume
_2rdacarrier
505 0 _aRelatos sobre la obra de ADRA.
526 _aSEG42
526 _aSEG41
526 _aSEG40
526 _aSEG39
526 _aP94
526 _aP87
526 _aP86
526 _aP85
526 _aP77
526 _aP76
526 _aP35
610 2 4 _aAdventist Development and Relief Agency ADRA (Agencia Adventista para el Desarrollo y Recursos Asistenciales).
610 2 4 _aSocorro internacional
_xSociedades, etc.
650 2 4 _aAdventistas del séptimo día
_xOrganizaciones benéficas.
910 _ajck
942 _2ddc
_cBK
949 _a282.7 W19
_wDEWEY
_c1
_i48595
_lCCODEBUL1
_mBUL
_r0
_sY
_tBOOK
_u2015-4-23
_xTEOLOGIA
_zUNKNOWN
_0COMPRA
_o.STAFF. Colección Teología
949 _a282.7 W19
_wDEWEY
_c2
_i40728
_lCCODEBUL1
_mBUL
_r0
_sY
_tBOOK
_u2015-6-16
_xTEOLOGIA
_zUNKNOWN
_0COMPRA
_o.STAFF. Colección Teología
999 _c58512
_d58512
980 _81
_gALBERTO SANCHEZ Responsable de Automatización